000
00208 a2200097 4500
001
10514
100
_a
Akhtar, S.M.
245
_a
Pakistan A developing economy
260
_a
_b
United
_c
090
_c
8129
_d
8129
942
_a
NUST-CAE
_c
M
_c
34855
999
_c
245587
_d
245587